000 00379pab a2200169 454500
008 180718b2003 xxu||||| |||| 00| 0 eng d
100 _aChandra, Rajesh
245 _aThe slums of Delhi
260 _c2003
300 _ap.18-29.
362 _aOct-Dec
650 _aSlums - India - Delhi
650 _aSlums
700 _aNigam, Ajay
773 _aNagarlok
909 _a60680
999 _c60680
_d60680